Feminism : an essential reading (Record no. 182572)

MARC details
000 -LEADER
fixed length control field 00625nam a2200217Ia 4500
008 - FIXED-LENGTH DATA ELEMENTS--GENERAL INFORMATION
fixed length control field 191130s2004##################000#0#eng##
020 ## - INTERNATIONAL STANDARD BOOK NUMBER
ISBN 8177558277
082 ## - DEWEY DECIMAL CLASSIFICATION NUMBER
Classification number 305.42 GET
245 ## - TITLE STATEMENT
Title Feminism : an essential reading
Statement of responsibility, etc edited by R. G. Gettel and W. A. Dunning
260 ## - PUBLICATION, DISTRIBUTION, ETC. (IMPRINT)
Place of publication New Delhi
Name of publisher Cosmo Publications
Year of publication c2004
300 ## - PHYSICAL DESCRIPTION
Number of Pages 338 p. ; 23 cm
500 ## - GENERAL NOTE
General note Includes bibliographical references
650 ## - SUBJECT ADDED ENTRY--TOPICAL TERM
Topical Term Feminism
Topical Term Women's Rights
700 ## - ADDED ENTRY--PERSONAL NAME
Personal name Dunning, W. A
Personal name Gettel, R. G
991 ## -
-- 223873
Holdings
Withdrawn status Lost status Damaged status Not for loan Home library Current library Shelving location Date acquired Full call number Accession Number Price effective from Koha item type
        Anna Centenary Library Anna Centenary Library 3RD FLOOR, B WING 13.10.2020 305.42 GET 394531 13.10.2020 English Books

Find us on the map